Statistics for Guess the Marvel movie by Soundtrack

Click here to take the quiz!

General Stats

  • This quiz has been taken 18 times
    (11 since last reset)
  • The average score is 12 of 32

Answer Stats

SongMovie% Correct
American PieBlack Widow
88%
Hooked on a FeelingGuardians of the Galaxy
88%
Back in BlackIron Man
88%
Mr. Blue SkyGuardians of the Galaxy Vol. 2
75%
I've Got No Strings On MeAvengers: Age of Ultron
63%
The Star-Spangled ManCaptain America: The First Avenger
63%
Shoot to ThrillIron Man 2
63%
Immigrant SongThor: Ragnarok
63%
Goodbye Yellow Brick RoadAnt-Man and the Wasp: Quantumania
50%
Left Hand FreeCaptain America: Civil War
50%
Hotel CaliforniaShang-Chi and The Legend of The Ten Rings
50%
Blitzkrieg BopSpider-Man: Homecoming
50%
Sweet Child O' MineThor: Love and Thunder
50%
Lift Me UpBlack Panther: Wakanda Forever
38%
It's Been a Long, Long TimeCaptain America: The Winter Soldier
38%
No Sleep 'Till BrooklynGuardians of the Galaxy Vol. 3
38%
The Magic NumberSpider-Man: No Way Home
38%
Come on Get HappyAnt-Man and the Wasp
25%
Rubber-Band ManAvengers: Infinity War
25%
Blue (Da Ba Dee)Iron Man 3
25%
I Will Always Love YouSpider-Man: Far From Home
25%
EscapeAnt-Man
13%
Dear Mr. FantasyAvengers: Endgame
13%
Pray For MeBlack Panther
13%
WaterfallsCaptain Marvel
13%
Shining StarDoctor Strange
13%
All I Have To Do Is DreamDoctor Strange in the Multiverse of Madness
13%
TimeEternals
13%
Live to RiseThe Avengers
13%
The Lonely Man ThemeThe Incredible Hulk
13%
I Can HelpThor
13%
Cake'n Up (De Gott'em)Thor: The Dark World
13%

Score Distribution

Percentile by Number Answered

Percent of People with Each Score

Your Score History

You have not taken this quiz since the last reset